Distributed virtual Worlds

محفوظ في:
التفاصيل البيبلوغرافية
المؤلف الرئيسي: Diehl, Stephen
التنسيق: كتاب
منشور في: New York : Springer, c2001
الموضوعات:
الوسوم: إضافة وسم
لا توجد وسوم, كن أول من يضع وسما على هذه التسجيلة!

MARC

LEADER 00000nam a2200000 4500
020 |a 3540676244  |c TZS 25,000 
040 |a MUL  |b eng  |e AACR 
082 |a 005 DIE 
100 |a Diehl, Stephen 
245 |a Distributed virtual Worlds 
260 |a New York :  |b Springer,  |c c2001 
300 |a xii,166 p. ;  |b ill. ;  |c 20 cm 
504 |a Includes index 
650 |a Virtual Worlds 
942 |c BK 
999 |c 6836  |d 6836